00964cam a2200289 4500001000900000003000900009005001700018008004100035015001200076017006500088020001800153040002200171041001100193082001400204130003800218240004000256245018200296260003500478300002700513500001300540650002800553650003100581650001100612650001200623650001000635700002900645a4733782DO-SdBNP20180510143440.0100422s2010 sp a | |||| 001 0 spa  aMON1005 aB 2936-2010bOficina Depósito Legal BarcelonazB 2936-LIII a9788449440892 aBPMSUbspacBPMSU1 aspah  4a747bI19p0 aCreare ad arte in casalEspañol aCreare ad arte in casa lEspañol 10aMil ideas prácticas para el hogar : bcocina, reparaciones, ahorro, decoración, costura, organización, seguridad, bricolaje, celebraciones/cedición, María Villalbah  aBarcelona : bOcéano,c 2010 a479 p. :bil. ;c27 cm aÍndice 4aECONOMIA DOMÉSTICA2  4aDECORACIÓN DE INTERIORES 4aCOCINA 4aCOSTURA 4aHOGAR12aVillalba, Maríad1958-